| 000 | 00590cam a2200193 4500500 | ||
|---|---|---|---|
| 005 | 20260405003416.0 | ||
| 041 | _afre | ||
| 042 | _adc | ||
| 100 | 1 | 0 |
_aEnjalbert, Cédric _eauthor |
| 245 | 0 | 0 | _a“Entre chien et loup” : à servir sur un plateau |
| 260 | _c2021. | ||
| 500 | _a57 | ||
| 690 | _aBrésil | ||
| 690 | _aDéterminisme | ||
| 690 | _aPiège | ||
| 690 | _aThéâtre | ||
| 786 | 0 | _nPhilosophie magazine | 154 | 11 | 2021-11-01 | p. 78-78 | 1951-1787 | |
| 856 | 4 | 1 | _uhttps://shs.cairn.info/magazine-philosophie-magazine-2021-11-page-78?lang=fr&redirect-ssocas=7080 |
| 999 |
_c2067235 _d2067235 |
||